Pluralismo religioso en España
Wedi'i Gadw mewn:
| Prif Awdur: | |
|---|---|
| Fformat: | Llyfr |
| Iaith: | Sbaeneg |
| Cyhoeddwyd: |
Madrid
Sociedad de Educación Atenas
1993
Madrid Centro Ecuménico Misioneras de la Unidad 1993 |
| Rhifyn: | 2a. ed |
| Cyfres: | Temas Vivos, 5
|
| Pynciau: | |
| Tagiau: |
Ychwanegu Tag
Dim Tagiau, Byddwch y cyntaf i dagio'r cofnod hwn!
|
MARC
| LEADER | 00000nam a2200000 a 4500 | ||
|---|---|---|---|
| 001 | UCM8282 | ||
| 003 | CL-VaPUC | ||
| 008 | 030228e19930000sp |||||||||||||||||spa|d | ||
| 082 | 0 | 4 | |a 291.172 |b GAR |2 21 |
| 100 | |a García Hernando, Julián |e author |9 474298 | ||
| 245 | 1 | 0 | |a Pluralismo religioso en España |
| 250 | |a 2a. ed | ||
| 300 | |a v | ||
| 942 | |c BK | ||
| 945 | |d 20030228 00:00:00 |a cmena | ||
| 260 | |a Madrid |b Sociedad de Educación Atenas |c 1993 | ||
| 260 | |a Madrid |b Centro Ecuménico Misioneras de la Unidad |c 1993 | ||
| 500 | |a v.2: Sectas y nuevos movimientos religiosos | ||
| 650 | 7 | |a RELIGION COMPARADA |2 CL-VaPUC |9 474299 | |
| 650 | 0 | |a Filosofía de la religión |9 256017 | |
| 650 | 0 | |a Religiones |9 265211 | |
| 650 | 7 | |a DOCTRINAS RELIGIOSAS |2 CL-VaPUC |9 337177 | |
| 650 | 0 | |a Judaísmo |9 269348 | |
| 650 | 0 | |a Islamismo |9 314084 | |
| 650 | 7 | |a BUDISMO |2 CL-VaPUC |9 474300 | |
| 650 | 0 | |a Hinduismo |9 265212 | |
| 651 | 0 | |a España |9 254926 | |
| 583 | |a last modification |c 20171213 02:32:10 |k Rodrigo Vera | ||
| 490 | 0 | |a Temas Vivos, 5 | |
| 999 | |c 302849 |d 302847 | ||
| 952 | |0 0 |1 0 |4 0 |6 291_172000000000000_GAR_1993_1993 |7 0 |8 A |9 363633 |a BIBDER |b BIBDER |d 2019-11-21 |h v.2 |i 3825906 |o 291.172 GAR 1993 1993 |p 3825906 |r 2023-01-25 |w 2019-11-21 |y BK |k DER | ||